LEADER 00920nam--2200337---450 001 990001007280203316 005 20201125093857.0 010 $a88-420-3024-4 035 $a0100728 035 $aUSA010100728 035 $a(ALEPH)000100728USA01 035 $a0100728 100 $a20020228d1988----km-y0itay0103----ba 101 $aita 102 $aIT 105 $a||||||||001yy 200 1 $aPorca miseria$epoveri e assistenza nell'età moderna$fWoolf 210 $aRoma$cLaterza$d1988 215 $aVIII, 258 p$d21 cm 225 2 $aQuadrante$v12 410 $12001$aQuadrante$v12 606 0 $aPoveri$yItalia$zSec. 19. 676 $a305.5690945 700 1$aWOOLF,$bStuart Joseph$0121251 801 0$aIT$bsalbc$gISBD 912 $a990001007280203316 951 $aX.2.B. 149(VARIE COLL. 816/12)$b129412 L.M.$cVARIE COLL. 959 $aBK 969 $aUMA 996 $aPorca miseria$9495887 997 $aUNISA LEADER 01947nam 2200421 a 450 001 9910696316403321 005 20140828154833.0 035 $a(CKB)5470000002377671 035 $a(OCoLC)191913480 035 $a(EXLCZ)995470000002377671 100 $a20080211d2007 ua 0 101 0 $aeng 135 $aurmn||||||||| 181 $ctxt$2rdacontent 182 $cc$2rdamedia 183 $acr$2rdacarrier 200 10$aOrganizational transformation$b[electronic resource] $eimplementing Chief Operating Officer/Chief Management Officer positions in federal agencies : report to the Subcommittee on Oversight of Government Management, the Federal Workforce, and the District of Columbia, Committee on Homeland Security and Governmental Affairs, U.S. Senate 210 1$a[Washington, D.C.] :$cU.S. Govt. Accountability Office,$d[2007] 215 $aii, 53 pages $cdigital, PDF file 300 $aTitle from title screen (viewed on Feb. 6, 2008). 300 $a"November 2007." 300 $aPaper version available from: U.S. Govt. Accountability Office, 441 G St., NW, Rm. LM, Washington, D.C. 20548. 300 $a"GAO-08-34." 320 $aIncludes bibliographical references. 517 $aOrganizational transformation 606 $aAdministrative agencies$zUnited States$xPersonnel management 606 $aChief executive officers$zUnited States 606 $aChief operating officers$zUnited States 615 0$aAdministrative agencies$xPersonnel management. 615 0$aChief executive officers 615 0$aChief operating officers 712 02$aUnited States.$bCongress.$bSenate.$bCommittee on Homeland Security and Governmental Affairs.$bSubcommittee on Oversight of Government Management, the Federal Workforce, and the District of Columbia. 801 0$bGPO 801 1$bGPO 906 $aBOOK 912 $a9910696316403321 996 $aOrganizational transformation$93443035 997 $aUNINA LEADER 04673oas 2201537 a 450 001 9910139852803321 005 20251103213017.0 011 $a2152-2723 035 $a(OCoLC)477406398 035 $a(CONSER) 2009208165 035 $a(CKB)1000000000808945 035 $a(EXLCZ)991000000000808945 100 $a20091211a20109999 uy a 101 0 $aeng 135 $aur||||||||||| 181 $ctxt$2rdacontent 182 $cc$2rdamedia 183 $acr$2rdacarrier 200 10$aCyberpsychology, behavior and social networking 210 $aNew Rochelle, NY $cMary Ann Liebert, Inc 215 $a1 online resource 300 $aRefereed/Peer-reviewed 311 08$a2152-2715 531 0 $aCyberpsychology behav. soc. netw. 606 $aInternet$xSocial aspects$vPeriodicals 606 $aInternet$xPsychological aspects$vPeriodicals 606 $aMultimedia$xutilization$vPeriodicals 606 $aMultimedia$xutilization$vPeriodicals 606 $aUser-Computer Interface$vPeriodicals 606 $aPsychology, Social$vPeriodicals 606 $aComputer Communication Networks$xutilization$vPeriodicals 606 $aBehavior$vPeriodicals 606 $aBehavior$vPeriodicals 606 $aPsychology, Social$vPeriodicals 606 $aUser-Computer Interface$vPeriodicals 606 $aComputer Communication Networks$xutilization$vPeriodicals 606 $aComputer Communication Networks$xstatistics & numerical data 606 $aMultimedia$xstatistics & numerical data 606 $aUser-Computer Interface 606 $aBehavior 606 $aPsychology, Social 606 $aUser-Computer Interface 606 $aComputer Communication Networks$xstatistics & numerical data 606 $aMultimedia$xstatistics & numerical data 606 $aInternet$xPsychological aspects$2fast$3(OCoLC)fst00977198 606 $aInternet$xSocial aspects$2fast$3(OCoLC)fst01766793 606 $aInternet$xAspect social$vPe?riodiques 606 $aInternet$xAspect psychologique$vPe?riodiques 606 $aComportement humain 606 $aPsychologie 606 $aPsychologie sociale 606 $aSciences du comportement 606 $ahuman behavior$2aat 606 $apsychology$2aat 606 $asocial psychology$2aat 606 $abehavioral sciences$2aat 608 $aPeriodicals.$2fast 608 $aPeriodicals.$2lcgft 615 0$aInternet$xSocial aspects 615 0$aInternet$xPsychological aspects 615 22$aMultimedia$xutilization 615 2$aMultimedia$xutilization 615 2$aUser-Computer Interface 615 2$aPsychology, Social 615 2$aComputer Communication Networks$xutilization 615 2$aBehavior 615 12$aBehavior 615 22$aPsychology, Social 615 22$aUser-Computer Interface 615 22$aComputer Communication Networks$xutilization 615 2$aComputer Communication Networks$xstatistics & numerical data. 615 2$aMultimedia$xstatistics & numerical data. 615 2$aUser-Computer Interface. 615 12$aBehavior. 615 22$aPsychology, Social. 615 22$aUser-Computer Interface. 615 22$aComputer Communication Networks$xstatistics & numerical data. 615 22$aMultimedia$xstatistics & numerical data. 615 7$aInternet$xPsychological aspects. 615 7$aInternet$xSocial aspects. 615 6$aInternet$xAspect social 615 6$aInternet$xAspect psychologique 615 6$aComportement humain. 615 6$aPsychologie. 615 6$aPsychologie sociale. 615 6$aSciences du comportement. 615 7$ahuman behavior. 615 7$apsychology. 615 7$asocial psychology. 615 7$abehavioral sciences. 676 $a150 801 0$bDLC 801 1$bDLC 801 2$bDLC 801 2$bPFM 801 2$bCUS 801 2$bDLC 801 2$bOCLCQ 801 2$bOCLCF 801 2$bOCLCQ 801 2$bZ5A 801 2$bOCLCO 801 2$bCNUTO 801 2$bLND 801 2$bZAC 801 2$bOCLCA 801 2$bU3W 801 2$bOCLCO 801 2$bAU@ 801 2$bOCLCO 801 2$bWYU 801 2$bUWO 801 2$bOCLCO 801 2$bOCLCA 801 2$bBWN 801 2$bOCLCO 801 2$bOCLCA 801 2$bGZM 801 2$bOCLCQ 801 2$bUAB 801 2$bOCLCL 801 2$bCASUM 801 2$bLGG 801 2$bAUD 801 2$bLIP 801 2$bVNS 801 2$bUBY 906 $aJOURNAL 912 $a9910139852803321 996 $aCyberpsychology, behavior and social networking$92141606 997 $aUNINA